000 00580nam a2200181Ia 4500
008 100920s9999 xx 000 0 und d
082 _b93940
_a520 थ 95
100 _aसाठवणे पां.आ.
245 _aचुंबक चिकित्सा.
260 _bसाठवणे प्रकाशन, नागपूर.
_c1995
300 _a116
_bसाधी
365 _b25
520 _aशाअ.
630 _aचुंबक चिकित्सा.
650 _aशाअ.
730 _aचुंबक चिकित्सा.
942 _cBOOK
999 _c734383
_d734380